000 01166nam a22003017a 4500
003 CHAP
005 20220329134836.0
008 971013s1959 r 10010 d
010 _a26823
011 _a27795
035 _a31896
040 _cCHAP
082 _a575.1063
_bC65 1958
111 0 0 _aCongreso Internacional de Genética (
_n10
_d: 1958
_c: Montreal)
_926749
245 _aProceedings of the X International Congress of Genetics... August 20-27, 1958 McGill University Montreal
260 _aOntario :
_bUniversity of Toronto,
_c1959
300 _a2 v.
_b: ilus.
505 _aContenido : v.1 Papers, Lectures, minutes and reports. -- v. 2 Abstracts (Programa en el Arch. de Inf.)
590 _aBATCH-UPD
_b10
_c20130110
_lUCH01
_h1232
590 _aBATCH-UPD
_b10
_c20130410
_lUCH01
_h0802
590 _aBATCH-UPD
_b10
_c20130914
_lUCH01
_h1032
590 _aCONVERSION
_b10
_c20130109
_lUCH01
_h1315
650 1 4 _aGenética
_xCongresos.
_947470
901 _aBK
942 _cLIBRO
949 _a575.1063 C65 1958
_bBC
_cLIBRO
_d33724000461661
_eLIBRO
_fv.1
_h8562
_i31896
_si
949 _a575.1063 C65 1958
_bBC
_cLIBRO
_d33724000461919
_eLIBRO
_fv.2
_h8563
_i31896
_si
999 _c26823
_d26823